The undeclared war, 1940-1941 /

Guardado en:
Detalles Bibliográficos
Autor principal: Langer, William L. (William Leonard), 1896-1977
Otros Autores: Gleason, S. Everett (Sarell Everett), 1905-
Formato: Libro
Lenguaje:English
Publicado: Gloucester, Mass. : P. Smith, 1968 [c1953].
Colección:The world crisis and American foreign policy
Materias:
LEADER 01038nam a2200241 i 4500
001 c000129820
003 CARM
005 00000000000000.0
008 850114s1968 mau 0 eng d
019 1 |a 10226388  |z 77489  |5 LACONCORD2021 
035 |a (OCoLC)219047  |5 LACONCORD2021 
100 1 |a Langer, William L.  |q (William Leonard),  |d 1896-1977. 
245 1 0 |a The undeclared war, 1940-1941 /  |c by William L. Langer and S. Everett Gleason. 
260 |a Gloucester, Mass. :  |b P. Smith,  |c 1968 [c1953]. 
300 |a 963 p. 
490 0 |a The world crisis and American foreign policy 
650 0 |a World War, 1939-1945  |x Diplomatic history. 
650 0 |a World War, 1939-1945  |z United States. 
651 0 |a United States  |x Foreign relations  |y 1933-1945. 
700 1 |a Gleason, S. Everett  |q (Sarell Everett),  |d 1905- 
852 8 |b CARM  |h A2:AF31C0  |i B01245  |p 0063406  |f BK 
999 f f |i ece8e793-8cf8-5bee-a2e2-ec6e040c0c6d  |s e3c4cd28-7054-5d09-a296-1052e1c1a1f7 
952 f f |p Can circulate  |a CAVAL  |b CAVAL  |c CAVAL  |d CARM 1 Store  |e B01245  |f A2:AF31C0  |h Other scheme  |i book  |m 0063406